Democracia y discurso izquierdista en Colombia (Registro nro. 228283)

Detalles MARC
001 - NÚMERO DE CONTROL
campo de control 721885
005 - FECHA Y HORA DE LA ÚLTIMA TRANSACCIÓN
campo de control 20240201165446.0
008 - DATOS DE LONGITUD FIJA--INFORMACIÓN GENERAL
campo de control de longitud fija 020223s2001 spa
035 ## - NÚMERO DE CONTROL DEL SISTEMA
Número de control de sistema 721885
035 ## - NÚMERO DE CONTROL DEL SISTEMA
Número de control de sistema (OCoLC)819933407
040 ## - FUENTE DE LA CATALOGACIÓN
Centro/agencia transcriptor comduadb
041 ## - CÓDIGO DE LENGUA
Código de lengua del texto/banda sonora o título independiente spa
100 #0 - ENTRADA PRINCIPAL--NOMBRE DE PERSONA
Nombre de persona Giraldo García, Fernando
Código de función aut
Término indicativo de función/relación Autor/a
9 (RLIN) 486816
245 10 - MENCIÓN DE TÍTULO
Título Democracia y discurso izquierdista en Colombia
520 3# - SUMARIO, ETC.
Sumario, etc. : La presencia y evolución del concepto de democracia en el discurso político izquierdista en Colombia considera componentes históricos, políticos e ideológicos. Existen un cierto número de elementos que evidencian una continuidad política. En el artículo no se hace un análisis exclusivo de la significación manifiesta del discurso ideológico o político, como tampoco aquel cuyo fin es colocar sólo en evidencia las significaciones latentes que lo hacen más subjetivo y cualitativo. Por lo tanto, se intenta utilizar con cautela, tácitamente, el análisis manifiesto, el cual es la base del análisis de contenido. Para este trabajo se consideraron los mecanismos de la enuciación, los cuales se basan en la relación existente entre la persona que toma la palabra y lo que ella enuncia.
650 #7 - PUNTO DE ACCESO ADICIONAL DE MATERIA--TÉRMINO DE MATERIA
Término de materia o nombre geográfico como elemento de entrada Democracia
Subdivisión geográfica Colombia
Fuente del encabezamiento o término lemb
9 (RLIN) 214
650 #7 - PUNTO DE ACCESO ADICIONAL DE MATERIA--TÉRMINO DE MATERIA
Término de materia o nombre geográfico como elemento de entrada Izquierdas (Política)
Subdivisión geográfica Colombia
Fuente del encabezamiento o término lemb
9 (RLIN) 178087
650 ## - PUNTO DE ACCESO ADICIONAL DE MATERIA--TÉRMINO DE MATERIA
Término de materia o nombre geográfico como elemento de entrada Discurso político
9 (RLIN) 26835
650 #7 - PUNTO DE ACCESO ADICIONAL DE MATERIA--TÉRMINO DE MATERIA
Término de materia o nombre geográfico como elemento de entrada Partidos políticos
Subdivisión geográfica Colombia
Fuente del encabezamiento o término lemb
9 (RLIN) 6291
773 0# - ENLACE AL DOCUMENTO FUENTE/ENTRADA DE REGISTRO ANFITRIÓN
Título Reflexión Política (Bucaramanga)
Parte(s) relacionada(s) Volumen 03, Número 06, Diciembre 2001, p. 121-131
Número de control del registro 645959
Número Internacional Normalizado para Publicaciones Seriadas 0124-0781
Número bibliográfico anfitrión 191867
942 ## - ELEMENTOS DE ENTRADA AGREGADA (KOHA)
Tipo de ítem Koha Artículo de Revista

No hay ítems disponibles.